|
|
|
|
| LEADER |
00832nam a2200205Ia 4500 |
| 001 |
CTU_161220 |
| 008 |
210402s9999 xx 000 0 und d |
| 082 |
|
|
|a 594
|
| 082 |
|
|
|b Tr513
|
| 110 |
|
|
|a Bộ Thủy sản
|
| 110 |
|
|
|b Trung tâm Nghiên cứu Thủy sản III
|
| 245 |
|
0 |
|a Tóm tắt báo cáo khoa học hội thảo động vật thân mềm toàn Quốc : Lần thứ 2 : Nha Trang, 3 - 4/8/2001 =
|
| 245 |
|
0 |
|b Book of abstracts the second national workshop on molluscs (August 3-4,2001)
|
| 245 |
|
0 |
|c Bộ Thủy sản. Trung tâm Nghiên cứu Thủy sản III
|
| 260 |
|
|
|a Nha Trang
|
| 260 |
|
|
|b Trung tâm Nghiên cứu Thủy sản III
|
| 260 |
|
|
|c 2001
|
| 650 |
|
|
|a Fisheries,Mollusks
|
| 904 |
|
|
|i Giang
|
| 980 |
|
|
|a Trung tâm Học liệu Trường Đại học Cần Thơ
|